000 00614nam a2200241Ia 4500
003 OSt
005 20221007072028.0
006 a|||||r|||| 00| 0
007 ta
008 221006b |||||||| |||| 00| 0 eng d
024 _a28,674
037 _cTextual
040 _aFLL
_cFLL
_beng
041 _2eng
_aeng
082 _aZQ7, K4
100 _aFyzee Asaf A.A.
245 0 _aOutlines of Muhammadan law
250 _a3rd
260 _aLondon
_bOxford University Press London
_c1964
300 _axix,509p
_ccm.
942 _hZQ7, K4
_cTEXL
_2CC
999 _c1145025
_d1145025